[Event "American Continental 13th"]
[Site "Medellin"]
[Date "2017.06.15"]
[Round "8"]
[White "Gonzalez, Eleicer"]
[Black "Rodriguez Arrieta, Maria Elena"]
[Result "1/2-1/2"]
[WhiteElo "2078"]
[BlackElo "1926"]
[PlyCount "111"]
[EventDate "2017.06.10"]
[EventType "swiss"]
[EventRounds "11"]
[EventCountry "COL"]
[SourceTitle "CBM 178 Extra"]
[Source "ChessBase"]
[SourceDate "2017.06.22"]
[SourceVersion "1"]
[SourceVersionDate "2017.06.22"]
[SourceQuality "1"]

1. e4 e5 2. Nf3 Nc6 3. Bb5 a6 4. Ba4 Nf6 5. 0-0 Be7 6. Re1 b5 7. Bb3 0-0 8. c3 d6 9. h3 Re8 10. d4 Bb7 11. Nbd2 Bf8 12. Bc2 Nb8 13. d5 Nbd7 14. Nf1 c6 15. dxc6 Bxc6 16. Ng3 d5 17. Bg5 Qc7 18. Qe2 dxe4 19. Nxe4 Nxe4 20. Bxe4 f6 21. Bd2 Bxe4 22. Qxe4 Nc5 23. Qc2 Rad8 24. Be3 Nd3 25. Re2 Rd7 26. Rd1 Red8 27. Red2 e4 28. Nd4 Qc4 29. b3 Qf7 30. f3 f5 31. fxe4 fxe4 32. Rf1 Qg6 33. b4 Bd6 34. Ne2 Rf7 35. Rdd1 Rdf8 36. Qb3 Kh8 37. Rxf7 Rxf7 38. Qd5 h6 39. Rf1 Rxf1+ 40. Kxf1 Bh2 41. g4 Qf6+ 42. Qf5 Qh4 43. Qf8+ Kh7 44. Qf5+ Kh8 45. Kg2 Qe1 46. Qf1 Qxf1+ 47. Kxf1 Kg8 48. Nd4 Kf7 49. Ke2 Kf6 50. Nf5 Be5 51. Bd4 Bxd4 52. Nxd4 Ke5 53. Ke3 Nb2 54. Nc6+ Kd5 55. Ne7+ Ke5 56. Nc6+ 1/2-1/2

[Event "Medellin Amateur op"]
[Site "Medellin"]
[Date "2011.04.20"]
[Round "1.3"]
[White "Gonzalez, Eleicer"]
[Black "Gil Restrepo, Gustavo Adolfo"]
[Result "1-0"]
[WhiteElo "1782"]
[BlackElo "1607"]
[PlyCount "59"]
[EventDate "2011.04.20"]
[EventType "swiss"]
[EventRounds "9"]
[EventCountry "COL"]
[SourceTitle "EXT 2024"]
[Source "ChessBase"]
[SourceDate "2023.10.10"]
[SourceVersion "1"]
[SourceVersionDate "2023.10.10"]
[SourceQuality "1"]

1. e4 e5 2. Nf3 Nc6 3. Bb5 a6 4. Ba4 Nf6 5. 0-0 b5 6. Bb3 Bb7 7. c3 Bc5 8. d4 exd4 9. cxd4 Be7 10. e5 Ne4 11. Re1 d5 12. Nc3 Nxc3 13. bxc3 0-0 14. Bf4 Na5 15. Bc2 Nc4 16. Qe2 c5 17. Rad1 g6 18. e6 f6 19. dxc5 Qa5 20. Nd4 Qxc3 21. c6 Bc8 22. Rd3 Qb4 23. Rg3 g5 24. h4 Na3 25. hxg5 f5 26. Be5 Nxc2 27. Nxc2 Qe4 28. Qh5 Qxe1+ 29. Nxe1 Bxe6 30. g6 1-0